| 000 | 00729nam a22001337a 4500 | ||
|---|---|---|---|
| 040 | _cRUA | ||
| 082 | _aAGR CHH 2010 B064 Or.1 | ||
| 100 | _aCHHIT, DYSAVATH. | ||
| 245 | _acomparaison de differentes techniques d'irrigation sur la tomate (ប្រៀបធៀបបច្ចេកទេសស្រោចស្រពផ្សេងៗគ្នាលើដំណាំប៉េងប៉ោះនៅស្ថានីយ៍ពិសោធន៍ដំណាំនៃសាកលវីទ្យាល័យភូមិន្ទកសិកម្ម) | ||
| 260 |
_aPhnom Penh _bRUA _c2010 |
||
| 300 |
_ax, 54p. _bill. _c29cm. |
||
| 856 | _uhttps://drive.google.com/file/d/1PNvAPK1e592NyeZdY_4IeH8xBiZU7ByY/view?usp=sharing | ||
| 942 | _cAGR | ||
| 999 |
_c1463 _d1463 |
||